000 01134nam a2200277 a 4500
001 000026428
005 20200930030222.0
008 110317s1953 mx a r 000 0 spa d
040 _aDO-SdBNP
_bspa
_cBNPHU
041 1 7 _aspa
_halemán
_2Código de idioma MARC
082 _axxx
_bG384p
100 1 _aGerster, H. J.
_953473
240 1 0 _aKinderzahl nach Wunsch und Willen.
_lalemán.
245 1 0 _aEl problema de la concepción :
_bla ley de Knaus /
_cH.J. Gerster ; versión española de José López y López.
260 _aMéxico, D. F. :
_bImpresiones Modernas,
_c1953.
300 _a153, [6] p. :
_bil., ;
_c19 cm.
490 1 _aCiencia y vida
500 _aUn método experimentado y al alcance de todos con 20 grabados y calendario menstrual para la comprobación de la reglas.
500 _aIncluye notas al pie de las páginas
500 _aIncluye apéndice (p. [147]-148)
504 _aIncluye índice bibliográfico (p. 149-150)
534 _aTítulo original en alemán:
_tKinderzahl nach Wunsch und Willen.
700 1 _aLópez y López, José
_etr.
_953474
830 0 _aCiencia y vida
_953475
049 _aBNGR
999 _c25920
_d25920